| 000 | 00645nam a2200229 a 4500 | ||
|---|---|---|---|
| 005 | 20140310183304.0 | ||
| 008 | 050713s19uu xx 00 eng d | ||
| 020 | _a032130330X | ||
| 050 |
_aT 385 _b.K27 2005 |
||
| 100 | _aKabili, Jan | ||
| 245 |
_aHow to wow : _bphotoship for the web / _cJan Kabili & Colin Smith. |
||
| 260 |
_aBerkeley, CA : _bPeachpit Press, _c2005. |
||
| 300 |
_a195 p. : _bcol. ill. ; _c23 cm. |
||
| 521 | _aIT | ||
| 650 | _aComputer graphics. | ||
| 650 |
_aWebsites _xDesign. |
||
| 650 | _aAdobe Photoshop. | ||
| 650 | _aAdobe Image Ready. | ||
| 700 | _aSmith, Colin | ||
| 942 |
_cBK _2lcc _kFOR |
||
| 999 |
_c21048 _d21048 |
||